Mùa lạc Tập truyện ngắn

Đã lưu trong:
书目详细资料
主要作者: Nguyễn Khải
格式: 图书
出版: H. Văn học 1981
版:In lần thứ 3 có sữa chữa và bổ sung
丛编:Văn học hiện đại Việt Nam
主题:
标签: 添加标签
没有标签, 成为第一个标记此记录!
Thư viện lưu trữ: Trung tâm Học liệu Lê Vũ Hùng, Trường Đại học Đồng Tháp
LEADER 00877pam a22002418a 4500
001 00020766
005 20171026081022.0
008 110519s1981 ||||||Viesd
041 0 # |a Vie 
082 1 4 |b M501L  |a 895.922 3 
100 0 # |a Nguyễn Khải 
245 0 0 |a Mùa lạc  |b Tập truyện ngắn  |c Nguyễn Khải 
250 # # |a In lần thứ 3 có sữa chữa và bổ sung 
260 # # |a H.  |b Văn học  |c 1981 
300 # # |a 268 tr.  |c 19 cm. 
490 # # |a Văn học hiện đại Việt Nam 
653 # # |a Tập truyện ngắn 
653 # # |a Văn học 
852 # # |b Kho mượn  |j KM.0007052, KM.0007128, KM.0007129 
852 # # |b Kho đọc  |j KD.0006170 
852 # # |j KM.0007052  |j KM.0007128  |j KD.0006170  |j KM.0007129 
910 0 # |a Đức  |d 19/05/2011 
980 # # |a Trung tâm Học liệu Lê Vũ Hùng, Trường Đại học Đồng Tháp